La pollution pétroliere en milieu marin: de la toxicologie á l'écologie

Saved in:
書目詳細資料
主要作者: Lacaze, Jean-Claude (Author)
格式: 圖書
語言:法语
出版: París Masson 1980
叢編:Colletion Ecologie Appliquée et Sciences de l'Environnement, 3
主題:
標簽: 添加標簽
沒有標簽, 成為第一個標記此記錄!

MARC

LEADER 00000nam a2200000 a 4500
001 UCV3858
003 CL-VaPUC
008 881212e19800000FR |||||||||||||||||fre|d
082 0 4 |a 363.7394  |b LAC  |2 21 
100 0 |a Lacaze, Jean-Claude  |e author  |9 298254 
245 1 3 |a La pollution pétroliere en milieu marin: de la toxicologie á l'écologie 
300 |a 118 p 
942 |c BK 
945 |d 19881212 00:00:00 
260 |a París  |b Masson  |c 1980 
650 7 |a CONTAMINACION MARINA POR PETROLEO  |2 CL-VaPUC  |9 259982 
583 |a last modification  |c 19881212 00:00:00  |k Rodrigo Vera 
490 0 |a Colletion Ecologie Appliquée et Sciences de l'Environnement, 3 
999 |c 210975  |d 210973 
952 |0 0  |1 0  |2 ddc  |4 0  |6 363_739400000000000_LAC_1980  |7 0  |8 CCM  |9 188156  |a BIBCUR  |b BIBCUR  |c PAC  |d 2019-11-14  |i 2556235  |o 363.7394 LAC 1980  |p 2556235  |r 2025-04-22  |w 2019-11-14  |y BK  |k CIM